[Event "BCF-chT2 1617 (4NCL) Demotion pool"]
[Site "England"]
[Date "2017.05.01"]
[Round "11.73"]
[White "Hosken, Nigel"]
[Black "Gayson, Peter"]
[Result "1/2-1/2"]
[WhiteElo "2085"]
[BlackElo "2163"]
[PlyCount "72"]
[EventDate "2016.11.19"]
[EventType "team-tourn"]
[EventRounds "11"]
[EventCountry "ENG"]
[SourceTitle "EXT 2019"]
[Source "ChessBase"]
[SourceDate "2018.10.10"]
[SourceVersion "1"]
[SourceVersionDate "2018.10.10"]
[SourceQuality "1"]
[WhiteTeam "Downend & Fishponds"]
[BlackTeam "White Rose II"]
[WhiteTeamCountry "ENG"]
[BlackTeamCountry "ENG"]

1. d4 f5 2. g3 g6 3. Bg2 Bg7 4. Nf3 Nh6 5. b3 0-0 6. 0-0 Nf7 7. Bb2 Nc6 8. c4 d6 9. Nc3 e5 10. dxe5 dxe5 11. Qxd8 Rxd8 12. e4 fxe4 13. Nxe4 Bf5 14. Nh4 Nd4 15. Bxd4 Rxd4 16. Nxf5 gxf5 17. Nc5 e4 18. Ne6 Rd6 19. Nxg7 Kxg7 20. f3 Re8 21. fxe4 fxe4 22. Rfe1 b6 23. Rxe4 Rxe4 24. Bxe4 Rd2 25. Bg2 c5 26. Kf1 Ng5 27. a3 Ne6 28. b4 Rb2 29. Kg1 Nd4 30. bxc5 bxc5 31. Re1 Kf6 32. Rf1+ Ke5 33. Rf7 Rb1+ 34. Kf2 Rb2+ 35. Kg1 Rb1+ 36. Kf2 Rb2+ 1/2-1/2

[Event "BCF-chT2a 1617 (4NCL)"]
[Site "England"]
[Date "2016.11.20"]
[Round "2.15"]
[White "Hosken, Nigel"]
[Black "Klingher, Dominic"]
[Result "1/2-1/2"]
[WhiteElo "2091"]
[BlackElo "2054"]
[PlyCount "80"]
[EventDate "2016.11.19"]
[EventType "team-tourn"]
[EventRounds "11"]
[EventCountry "ENG"]
[SourceTitle "EXT 2019"]
[Source "ChessBase"]
[SourceDate "2018.10.10"]
[SourceVersion "1"]
[SourceVersionDate "2018.10.10"]
[SourceQuality "1"]
[WhiteTeam "Downend & Fishponds"]
[BlackTeam "Barbican Youth"]
[WhiteTeamCountry "ENG"]
[BlackTeamCountry "ENG"]

1. d4 Nf6 2. c4 g6 3. Nc3 Bg7 4. e4 d6 5. Be2 0-0 6. Bg5 Nbd7 7. Qd2 a6 8. Nf3 e5 9. d5 Nc5 10. Qc2 h6 11. Bh4 g5 12. Bg3 Nh5 13. b4 Nd7 14. 0-0 Nf4 15. Nd2 Qf6 16. Nb3 Qg6 17. Bg4 Nf6 18. Bxc8 Raxc8 19. c5 h5 20. Bxf4 gxf4 21. f3 Kh8 22. Na5 Rb8 23. Rac1 Rg8 24. Kh1 Bf8 25. c6 b6 26. Nc4 h4 27. Rg1 Nh5 28. Ne2 Be7 29. Nb2 Nf6 30. h3 Rg7 31. Nd1 Rbg8 32. Nf2 Nh5 33. Ng4 Ra8 34. a4 a5 35. b5 Rf8 36. Rcd1 Qg5 37. Qd3 Rg6 38. Qc2 Ng7 39. Nc3 Re8 40. Rde1 Nh5 1/2-1/2

[Event "BCF-chT2c 1516 (4NCL)"]
[Site "England"]
[Date "2016.04.30"]
[Round "9.214"]
[White "Brett, Andrew"]
[Black "Hosken, Nigel"]
[Result "1/2-1/2"]
[WhiteElo "2108"]
[BlackElo "2099"]
[PlyCount "47"]
[EventDate "2015.11.14"]
[EventType "team-swiss"]
[EventRounds "11"]
[EventCountry "ENG"]
[SourceTitle "EXT 2017"]
[Source "ChessBase"]
[SourceDate "2016.10.25"]
[SourceVersion "1"]
[SourceVersionDate "2016.10.25"]
[SourceQuality "1"]
[WhiteTeam "Barbican Youth"]
[BlackTeam "Downend & Fishponds"]
[WhiteTeamCountry "ENG"]
[BlackTeamCountry "ENG"]

1. e4 c6 2. d4 d5 3. e5 Bf5 4. h4 h5 5. c4 e6 6. Nc3 Ne7 7. Nge2 Nd7 8. Ng3 Bg6 9. Bg5 Qc7 10. Rc1 dxc4 11. Bxc4 Nb6 12. Bb3 Qd7 13. 0-0 Nf5 14. Nxf5 Bxf5 15. a4 Bb4 16. Qe2 Rc8 17. Rfd1 Nd5 18. Nxd5 exd5 19. Qe3 0-0 20. Bc2 Rce8 21. Qf3 Bg6 22. Bxg6 fxg6 23. Qd3 Qf5 24. Qxf5 1/2-1/2

[Event "BCF-chT3 1415 (4NCL)"]
[Site "England"]
[Date "2015.05.04"]
[Round "11.77"]
[White "Hosken, Nigel"]
[Black "Deighton, Simon"]
[Result "1/2-1/2"]
[WhiteElo "2118"]
[BlackElo "2029"]
[PlyCount "36"]
[EventDate "2015.03.21"]
[EventType "team-swiss"]
[EventRounds "11"]
[EventCountry "ENG"]
[SourceTitle "EXT 2016"]
[Source "ChessBase"]
[SourceDate "2015.10.08"]
[SourceVersion "1"]
[SourceVersionDate "2015.10.08"]
[SourceQuality "1"]
[WhiteTeam "Downend & Fishponds"]
[BlackTeam "Leeds University Old Boys"]
[WhiteTeamCountry "ENG"]
[BlackTeamCountry "ENG"]

1. d4 Nf6 2. c4 g6 3. Nc3 Bg7 4. e4 d6 5. Be2 0-0 6. Bg5 Na6 7. Qd2 e5 8. d5 Nc5 9. f3 a5 10. g4 c6 11. h4 cxd5 12. cxd5 Bd7 13. Nh3 b5 14. Nf2 Qb6 15. 0-0 b4 16. Ncd1 Bb5 17. Be3 Nfd7 18. Nd3 Rac8 1/2-1/2

[Event "BCF-chT3 1415 (4NCL)"]
[Site "England"]
[Date "2015.05.03"]
[Round "10.77"]
[White "Agnew, Alan"]
[Black "Hosken, Nigel"]
[Result "1/2-1/2"]
[WhiteElo "2092"]
[BlackElo "2118"]
[PlyCount "48"]
[EventDate "2015.03.21"]
[EventType "team-swiss"]
[EventRounds "11"]
[EventCountry "ENG"]
[SourceTitle "EXT 2016"]
[Source "ChessBase"]
[SourceDate "2015.10.08"]
[SourceVersion "1"]
[SourceVersionDate "2015.10.08"]
[SourceQuality "1"]
[WhiteTeam "Fermented Sharks"]
[BlackTeam "Downend & Fishponds"]
[WhiteTeamCountry "ENG"]
[BlackTeamCountry "ENG"]

1. e4 c6 2. d4 d5 3. Nd2 dxe4 4. Nxe4 Bf5 5. Ng3 Bg6 6. h4 h6 7. h5 Bh7 8. Nf3 Nd7 9. Bd3 Bxd3 10. Qxd3 e6 11. Bf4 Qa5+ 12. Bd2 Bb4 13. c3 Be7 14. c4 Qc7 15. 0-0-0 Ngf6 16. Kb1 Rd8 17. Qe2 0-0 18. Ne5 Bd6 19. Nxd7 Rxd7 20. Ne4 Be7 21. Bc3 Nxe4 22. Qxe4 Bf6 23. Rd3 Rfd8 24. Rhd1 b5 1/2-1/2

[Event "BCF-chT3S 1415 (4NCL)"]
[Site "England"]
[Date "2015.02.14"]
[Round "5.68"]
[White "Hosken, Nigel"]
[Black "Horspool, Philip"]
[Result "1-0"]
[WhiteElo "2105"]
[BlackElo "2023"]
[PlyCount "104"]
[EventDate "2014.11.15"]
[EventType "team-swiss"]
[EventRounds "6"]
[EventCountry "ENG"]
[SourceTitle "EXT 2016"]
[Source "ChessBase"]
[SourceDate "2015.10.08"]
[SourceVersion "1"]
[SourceVersionDate "2015.10.08"]
[SourceQuality "1"]
[WhiteTeam "Downend & Fishponds"]
[BlackTeam "e2e4.org.uk II"]
[WhiteTeamCountry "ENG"]
[BlackTeamCountry "ENG"]

1. d4 Nf6 2. c4 c5 3. d5 b5 4. cxb5 a6 5. f3 d6 6. e4 g6 7. a4 Bg7 8. Na3 0-0 9. Ne2 axb5 10. Nxb5 Nfd7 11. Nec3 Na6 12. Bg5 h6 13. Be3 Nc7 14. Qd2 Kh7 15. Ra3 Nxb5 16. Nxb5 Ba6 17. Be2 Qb8 18. 0-0 Rc8 19. Rc1 Qb7 20. Kh1 Nf6 21. Bc4 Ne8 22. Rb3 Qd7 23. Qd3 Rcb8 24. Bd2 Rb7 25. Bc3 Rab8 26. Bxg7 Nxg7 27. Rbc3 Ne8 28. Nxd6 exd6 29. Bxa6 Rxb2 30. Bb5 Qe7 31. Rb1 Rxb1+ 32. Qxb1 Nc7 33. Rb3 Qe5 34. Qb2 Qxb2 35. Rxb2 Kg7 36. Kg1 g5 37. Kf2 Kf6 38. Ke3 Na6 39. g3 Ke7 40. f4 Nb4 41. Rf2 gxf4+ 42. Kxf4 f5 43. Re2 Kf6 44. e5+ Kf7 45. exd6 Nxd5+ 46. Kxf5 Nc3 47. Re7+ Kf8 48. Ke6 Nxb5 49. axb5 Rxb5 50. Rf7+ Kg8 51. Rf5 Rb2 52. d7 Re2+ 1-0

[Event "BCF-chT3S 1415 (4NCL)"]
[Site "England"]
[Date "2015.01.10"]
[Round "3.99"]
[White "Hosken, Nigel"]
[Black "Gooding, Ian R"]
[Result "0-1"]
[WhiteElo "2118"]
[BlackElo "2013"]
[PlyCount "88"]
[EventDate "2014.11.15"]
[EventType "team-swiss"]
[EventRounds "6"]
[EventCountry "ENG"]
[SourceTitle "EXT 2016"]
[Source "ChessBase"]
[SourceDate "2015.10.08"]
[SourceVersion "1"]
[SourceVersionDate "2015.10.08"]
[SourceQuality "1"]
[WhiteTeam "Downend & Fishponds"]
[BlackTeam "Cambridge III"]
[WhiteTeamCountry "ENG"]
[BlackTeamCountry "ENG"]

1. d4 d5 2. Nf3 Nf6 3. c4 c6 4. Nc3 dxc4 5. a4 Na6 6. e4 Bg4 7. Bxc4 e6 8. Be3 Nb4 9. Qd2 Bxf3 10. gxf3 Be7 11. 0-0 0-0 12. Kh1 Re8 13. Rad1 Qa5 14. Rg1 Rad8 15. Qe2 a6 16. Bb3 c5 17. Bh6 g6 18. e5 Nfd5 19. Ne4 cxd4 20. Rxd4 Nc6 21. Rd2 Nxe5 22. Rgd1 Nf6 23. Nd6 Bxd6 24. Rxd6 Rxd6 25. Rxd6 Qc5 26. Rd1 Nc6 27. Qc2 Qh5 28. Be3 Qxf3+ 29. Kg1 Ng4 30. Re1 Nxe3 31. Rxe3 Qg4+ 32. Rg3 Qb4 33. Qc3 Qxc3 34. Rxc3 Rd8 35. Kg2 Kg7 36. Bc4 Ne5 37. Be2 Rd2 38. Re3 Kf6 39. b3 Nc6 40. Bf3 Rc2 41. b4 Nxb4 42. Bxb7 Ra2 43. Re4 a5 44. Rf4+ Kg7 0-1

[Event "BCF-chT3 1213 (4NCL)"]
[Site "England"]
[Date "2013.03.23"]
[Round "7.186"]
[White "Hosken, Nigel"]
[Black "Staniforth, Matthew"]
[Result "1-0"]
[WhiteElo "2156"]
[BlackElo "1932"]
[PlyCount "65"]
[EventDate "2012.11.03"]
[EventType "team-swiss"]
[EventRounds "11"]
[EventCountry "ENG"]
[SourceTitle "EXT 2014"]
[Source "ChessBase"]
[SourceDate "2013.11.20"]
[SourceVersion "1"]
[SourceVersionDate "2013.11.20"]
[SourceQuality "1"]
[WhiteTeam "Gloucestershire Gambits"]
[BlackTeam "Rhyfelwyr Essyllwg II"]
[WhiteTeamCountry "ENG"]
[BlackTeamCountry "ENG"]

1. d4 Nf6 2. c4 e6 3. Nc3 Bb4 4. Bg5 c5 5. Rc1 h6 6. Bh4 0-0 7. e3 b6 8. Qf3 cxd4 9. Bxf6 Qxf6 10. Qxf6 gxf6 11. exd4 Bb7 12. a3 Bxc3+ 13. Rxc3 Be4 14. f3 Bg6 15. Bd3 Nc6 16. Ne2 Rac8 17. Kd2 Rfd8 18. Rhc1 Ne7 19. Ke3 Bxd3 20. Kxd3 Nf5 21. g3 Kf8 22. c5 b5 23. Ke4 Ne7 24. Nf4 f5+ 25. Kd3 d6 26. cxd6 Rxc3+ 27. Rxc3 Rxd6 28. Ke3 a5 29. Rc5 Nd5+ 30. Nxd5 Rxd5 31. Rxd5 exd5 32. Kf4 Ke7 33. Kxf5 1-0

[Event "BCF-chT3S 1213 (4NCL)"]
[Site "England"]
[Date "2013.02.24"]
[Round "6.146"]
[White "Ruthen, Stephen W"]
[Black "Hosken, Nigel"]
[Result "1-0"]
[WhiteElo "2044"]
[BlackElo "2156"]
[PlyCount "51"]
[EventDate "2012.11.03"]
[EventType "team-swiss"]
[EventRounds "6"]
[EventCountry "ENG"]
[SourceTitle "EXT 2014"]
[Source "ChessBase"]
[SourceDate "2013.11.20"]
[SourceVersion "1"]
[SourceVersionDate "2013.11.20"]
[SourceQuality "1"]
[WhiteTeam "Iceni"]
[BlackTeam "Gloucestershire Gambits"]
[WhiteTeamCountry "ENG"]
[BlackTeamCountry "ENG"]

1. c4 Nf6 2. g3 g6 3. Bg2 Bg7 4. Nc3 0-0 5. e4 d6 6. Nge2 c5 7. d3 Nc6 8. 0-0 Rb8 9. h3 a6 10. a4 Ne8 11. Be3 Bd7 12. f4 Nd4 13. f5 gxf5 14. Nf4 b5 15. axb5 axb5 16. cxb5 Nxb5 17. Nh5 Nxc3 18. bxc3 Bxc3 19. exf5 Kh8 20. Rc1 Be5 21. Rc4 Rg8 22. Rh4 Nf6 23. Nxf6 Bxf6 24. Rxh7+ Kxh7 25. Qh5+ Kg7 26. Qh6# 1-0

[Event "BCF-chT3S 1213 (4NCL)"]
[Site "England"]
[Date "2013.01.13"]
[Round "4.126"]
[White "Horton, Andrew P"]
[Black "Hosken, Nigel"]
[Result "1/2-1/2"]
[WhiteElo "1973"]
[BlackElo "2156"]
[PlyCount "115"]
[EventDate "2012.11.03"]
[EventType "team-swiss"]
[EventRounds "6"]
[EventCountry "ENG"]
[SourceTitle "EXT 2014"]
[Source "ChessBase"]
[SourceDate "2013.11.20"]
[SourceVersion "1"]
[SourceVersionDate "2013.11.20"]
[SourceQuality "1"]
[WhiteTeam "3CS Oldham II"]
[BlackTeam "Gloucestershire Gambits"]
[WhiteTeamCountry "ENG"]
[BlackTeamCountry "ENG"]

1. e4 c6 2. d4 d5 3. Nd2 dxe4 4. Nxe4 Bf5 5. Ng3 Bg6 6. h4 h6 7. Nf3 Nd7 8. h5 Bh7 9. Bd3 Bxd3 10. Qxd3 e6 11. Bd2 Ngf6 12. 0-0-0 Be7 13. Ne4 Nxe4 14. Qxe4 Nf6 15. Qd3 Qb6 16. Kb1 0-0-0 17. c4 c5 18. Qa3 Rde8 19. Rhe1 cxd4 20. c5 Qa6 21. Qxa6 bxa6 22. Nxd4 Nd5 23. Nc6 Kb7 24. Na5+ Ka8 25. b4 Rb8 26. Nb3 a5 27. Nxa5 Nxb4 28. Bxb4 Rxb4+ 29. Nb3 Bxc5 30. f3 a5 31. Re4 Rhb8 32. Rxb4 Bxb4 33. Kc2 Rc8+ 34. Kd3 Rd8+ 35. Ke2 Rxd1 36. Kxd1 Kb7 37. Ke2 Kc6 38. Kd3 Kd5 39. a3 Be1 40. a4 e5 41. g4 Bb4 42. Nc1 g6 43. g5 gxh5 44. gxh6 Bf8 45. h7 Bg7 46. Nb3 f5 47. Nxa5 e4+ 48. fxe4+ fxe4+ 49. Ke2 h4 50. Nb3 h3 51. Kf1 e3 52. Nc1 Kc4 53. a5 Kb5 54. a6 Kxa6 55. Ne2 Kb5 56. Ng3 Kc5 57. Ke2 Kd5 58. Kxe3 1/2-1/2

[Event "BCF-chT3 1112 (4NCL)"]
[Site "England"]
[Date "2012.03.31"]
[Round "7.51"]
[White "Slinger, Tony J"]
[Black "Hosken, Nigel"]
[Result "1/2-1/2"]
[WhiteElo "2285"]
[BlackElo "2124"]
[PlyCount "60"]
[EventDate "2011.11.12"]
[EventType "team-swiss"]
[EventRounds "11"]
[EventCountry "ENG"]
[SourceTitle "EXT 2013"]
[Source "ChessBase"]
[SourceDate "2012.11.22"]
[SourceVersion "1"]
[SourceVersionDate "2012.11.22"]
[SourceQuality "1"]
[WhiteTeam "Bradford DCA Knights"]
[BlackTeam "Gloucestershire Gambits"]
[WhiteTeamCountry "ENG"]
[BlackTeamCountry "ENG"]

1. e4 c5 2. Nf3 e6 3. d3 Nc6 4. g3 g6 5. Bg2 Bg7 6. 0-0 Nge7 7. c3 d5 8. Qe2 Qc7 9. Na3 a6 10. Re1 0-0 11. Be3 d4 12. cxd4 cxd4 13. Bd2 e5 14. Rac1 Be6 15. b3 Rac8 16. Ng5 Bd7 17. f4 f6 18. Nf3 Bg4 19. h3 Bd7 20. Nc4 b5 21. Na5 Qb6 22. Nxc6 Nxc6 23. Rc2 a5 24. Rec1 Na7 25. Rxc8 Rxc8 26. Rxc8+ Bxc8 27. fxe5 fxe5 28. a3 Qc7 29. Qd1 Bf6 30. b4 a4 1/2-1/2

[Event "BCF-chT3 1011 (4NCL)"]
[Site "England"]
[Date "2011.05.02"]
[Round "11.37"]
[White "Savage, Nicholas W"]
[Black "Hosken, Nigel"]
[Result "1/2-1/2"]
[WhiteElo "2134"]
[BlackElo "2101"]
[PlyCount "72"]
[EventDate "2010.11.06"]
[EventType "team-swiss"]
[EventRounds "9"]
[EventCountry "ENG"]
[SourceTitle "EXT 2012"]
[Source "ChessBase"]
[SourceDate "2011.11.24"]
[SourceVersion "1"]
[SourceVersionDate "2011.11.24"]
[SourceQuality "1"]
[WhiteTeam "Iceni"]
[BlackTeam "Gloucestershire Gambits"]
[WhiteTeamCountry "ENG"]
[BlackTeamCountry "ENG"]

1. d4 d5 2. c4 c6 3. Nf3 Nf6 4. e3 Bg4 5. Qb3 Qb6 6. Ne5 Be6 7. Nc3 dxc4 8. Bxc4 Qxb3 9. axb3 Bxc4 10. bxc4 e6 11. Nd3 Na6 12. c5 Nd5 13. Na2 Be7 14. e4 Ndc7 15. Nc3 0-0 16. Be3 Rfd8 17. Ke2 f6 18. Rhd1 Kf8 19. g4 g6 20. h4 Kg8 21. Rg1 Kf7 22. f4 Rg8 23. f5 gxf5 24. gxf5 exf5 25. exf5 Rxg1 26. Rxg1 Rg8 27. Rxg8 Kxg8 28. Kf3 Kf7 29. Ke4 Ke8 30. Bf4 Kd7 31. Bh6 Ke8 32. b4 Kd7 33. Bg7 Ke8 34. Bh6 Kd7 35. Bf4 Bd8 36. Bh6 Be7 1/2-1/2

[Event "BCF-chT3 1011 (4NCL)"]
[Site "England"]
[Date "2011.04.30"]
[Round "9.40"]
[White "Richardson, Alex"]
[Black "Hosken, Nigel"]
[Result "1/2-1/2"]
[WhiteElo "2084"]
[BlackElo "2101"]
[PlyCount "45"]
[EventDate "2010.11.06"]
[EventType "team-swiss"]
[EventRounds "9"]
[EventCountry "ENG"]
[SourceTitle "EXT 2012"]
[Source "ChessBase"]
[SourceDate "2011.11.24"]
[SourceVersion "1"]
[SourceVersionDate "2011.11.24"]
[SourceQuality "1"]
[WhiteTeam "Cheddleton II"]
[BlackTeam "Gloucestershire Gambits"]
[WhiteTeamCountry "ENG"]
[BlackTeamCountry "ENG"]

1. c4 d6 2. g3 e5 3. Nc3 f5 4. Bg2 Nf6 5. d3 Be7 6. e4 c6 7. Nge2 0-0 8. 0-0 Na6 9. h3 Nc7 10. Kh2 Kh8 11. f4 fxe4 12. dxe4 exf4 13. Nxf4 Nd7 14. Be3 Ne5 15. Qe2 Ne6 16. b3 Qc7 17. Rac1 Qd8 18. Rfd1 Qe8 19. Rc2 Ng6 20. Nh5 Ne5 21. Nf4 Ng6 22. Nh5 Ne5 23. Nf4 1/2-1/2

[Event "BCF-chT3 1011 (4NCL)"]
[Site "England"]
[Date "2011.02.20"]
[Round "6.38"]
[White "Hosken, Nigel"]
[Black "Bonafont, Philip"]
[Result "1-0"]
[WhiteElo "2101"]
[BlackElo "2155"]
[PlyCount "77"]
[EventDate "2010.11.06"]
[EventType "team-swiss"]
[EventRounds "9"]
[EventCountry "ENG"]
[SourceTitle "EXT 2012"]
[Source "ChessBase"]
[SourceDate "2011.11.24"]
[SourceVersion "1"]
[SourceVersionDate "2011.11.24"]
[SourceQuality "1"]
[WhiteTeam "Gloucestershire Gambits"]
[BlackTeam "e2e4.org.uk II"]
[WhiteTeamCountry "ENG"]
[BlackTeamCountry "ENG"]

1. d4 c5 2. d5 e5 3. c4 d6 4. e4 Be7 5. g3 Nf6 6. Bg2 Nbd7 7. Nc3 0-0 8. Nge2 a6 9. a4 Ne8 10. 0-0 g6 11. Bh6 Ng7 12. Qd2 Nf6 13. h3 Kh8 14. Kh2 Ng8 15. Be3 f5 16. f4 Bf6 17. fxe5 Bxe5 18. Bf4 Re8 19. Rae1 Bd7 20. Bxe5 Rxe5 21. Nf4 Qg5 22. Qf2 Rae8 23. Nd3 R5e7 24. e5 dxe5 25. Nxc5 e4 26. Nxb7 Bxa4 27. Nc5 e3 28. Qf4 Qxf4 29. gxf4 Bc2 30. d6 Ra7 31. Re2 Be4 32. Bxe4 fxe4 33. N3xe4 Nf5 34. Rd1 Rd8 35. Na4 Re8 36. Nac3 Kg7 37. c5 Nf6 38. c6 Nxe4 39. Nxe4 1-0

[Event "BCF-chT3 1011 (4NCL)"]
[Site "England"]
[Date "2010.11.07"]
[Round "2.32"]
[White "Girdlestone, Paul C"]
[Black "Hosken, Nigel"]
[Result "1/2-1/2"]
[WhiteElo "2182"]
[BlackElo "2101"]
[PlyCount "83"]
[EventDate "2010.11.06"]
[EventType "team-swiss"]
[EventRounds "9"]
[EventCountry "ENG"]
[SourceTitle "CBM 139 Extra"]
[Source "ChessBase"]
[SourceDate "2011.01.05"]
[SourceVersion "1"]
[SourceVersionDate "2011.01.05"]
[SourceQuality "1"]
[WhiteTeam "Brown Jack"]
[BlackTeam "Gloucestershire Gambits"]
[WhiteTeamCountry "ENG"]
[BlackTeamCountry "ENG"]

1. c4 Nf6 2. Nc3 c6 3. e4 d6 4. f4 e5 5. Nf3 Bg4 6. h3 Bxf3 7. Qxf3 Qc7 8. d3 Nbd7 9. Be3 Be7 10. Be2 a6 11. 0-0 b5 12. d4 0-0 13. c5 exd4 14. cxd6 Bxd6 15. Bxd4 Bc5 16. Bxc5 Nxc5 17. e5 Nfd7 18. Rac1 Qb6 19. Kh2 Ne6 20. Bd3 f5 21. exf6 Nxf6 22. Ne4 Nd4 23. Nxf6+ Rxf6 24. Qe4 g6 25. Rfd1 Re6 26. Bc4 bxc4 27. Qxd4 Qxd4 28. Rxd4 Re2 29. Rdxc4 Rxb2 30. R1c2 Rxc2 31. Rxc2 Rc8 32. Kg3 Kf7 33. Kf3 Ke6 34. Ke4 c5 35. g4 Kd6 36. Rd2+ Kc6 37. f5 gxf5+ 38. gxf5 c4 39. f6 c3 40. Rc2 Kd7 41. f7 Ke7 42. Kd3 1/2-1/2

[Event "BCF-chT3 0910 (4NCL)"]
[Site "England"]
[Date "2010.03.28"]
[Round "8.1"]
[White "Hosken, Nigel"]
[Black "Kitchen, Peter J"]
[Result "1/2-1/2"]
[WhiteElo "2109"]
[BlackElo "1930"]
[PlyCount "37"]
[EventDate "2009.10.24"]
[EventType "team-tourn"]
[EventRounds "11"]
[EventCountry "ENG"]
[SourceTitle "EXT 2011"]
[Source "ChessBase"]
[SourceDate "2010.11.26"]
[SourceVersion "1"]
[SourceVersionDate "2010.11.26"]
[SourceQuality "1"]
[WhiteTeam "Gloucestershire. Gambits"]
[BlackTeam "Celtic Tigers II"]
[WhiteTeamCountry "ENG"]
[BlackTeamCountry "ENG"]

1. d4 d5 2. c4 e6 3. Nc3 Nf6 4. Bg5 Be7 5. e3 0-0 6. Nf3 h6 7. Bh4 b6 8. Rc1 Bb7 9. Bxf6 Bxf6 10. cxd5 exd5 11. Bd3 Be7 12. 0-0 Nd7 13. Qc2 c5 14. Bf5 Bc6 15. Rfe1 Qc7 16. g3 Rfe8 17. Bh3 Rab8 18. Bg2 Qb7 19. h3 1/2-1/2

[Event "BCF-chT3 0910 (4NCL)"]
[Site "England"]
[Date "2010.03.27"]
[Round "7.1"]
[White "Linford, Charles M"]
[Black "Hosken, Nigel"]
[Result "0-1"]
[WhiteElo "2131"]
[BlackElo "2109"]
[PlyCount "100"]
[EventDate "2009.10.24"]
[EventType "team-tourn"]
[EventRounds "11"]
[EventCountry "ENG"]
[SourceTitle "EXT 2011"]
[Source "ChessBase"]
[SourceDate "2010.11.26"]
[SourceVersion "1"]
[SourceVersionDate "2010.11.26"]
[SourceQuality "1"]
[WhiteTeam "Sambuca Black Sheep"]
[BlackTeam "Gloucestershire. Gambits"]
[WhiteTeamCountry "ENG"]
[BlackTeamCountry "ENG"]

1. e4 c5 2. Nf3 e6 3. d4 cxd4 4. Nxd4 Nc6 5. Nc3 Qc7 6. Ndb5 Qb8 7. Be3 a6 8. Bb6 axb5 9. Nxb5 Bb4+ 10. c3 Ba5 11. Nc7+ Qxc7 12. Bxc7 Bxc7 13. Bd3 Nf6 14. Qe2 0-0 15. 0-0 d5 16. f4 dxe4 17. Bxe4 Nxe4 18. Qxe4 Rd8 19. a4 Ra5 20. b4 Rad5 21. a5 Ne7 22. Qc4 Bb8 23. Qb3 e5 24. fxe5 Bxe5 25. Rad1 Bg4 26. Rxd5 Nxd5 27. h3 Be2 28. Rc1 g5 29. c4 Bd4+ 30. Kh1 Ne3 31. c5 g4 32. hxg4 Bxg4 33. Re1 Be6 34. Qd3 Ng4 35. Qf3 Rd5 36. Qxd5 Bxd5 37. Re8+ Kg7 38. Ra8 Ne3 39. a6 bxa6 40. Rxa6 Nxg2 41. c6 Ne3+ 42. Kh2 Nc2 43. b5 Nb4 44. Ra8 Nxc6 45. bxc6 Bxc6 46. Ra5 f6 47. Kg3 Kg6 48. Ra6 Be5+ 49. Kh4 Bd7 50. Rb6 Bd4 0-1

[Event "BCF-chT3 0910 (4NCL)"]
[Site "England"]
[Date "2010.02.20"]
[Round "5.1"]
[White "Vikanis, Georgs"]
[Black "Hosken, Nigel"]
[Result "1/2-1/2"]
[WhiteElo "1930"]
[BlackElo "2109"]
[PlyCount "122"]
[EventDate "2009.10.24"]
[EventType "team-tourn"]
[EventRounds "11"]
[EventCountry "ENG"]
[SourceTitle "EXT 2011"]
[Source "ChessBase"]
[SourceDate "2010.11.26"]
[SourceVersion "1"]
[SourceVersionDate "2010.11.26"]
[SourceQuality "1"]
[WhiteTeam "Oxford III"]
[BlackTeam "Gloucestershire. Gambits"]
[WhiteTeamCountry "ENG"]
[BlackTeamCountry "ENG"]

1. Nf3 Nf6 2. b3 g6 3. Bb2 Bg7 4. e4 d6 5. d3 0-0 6. Be2 c5 7. Nbd2 Nc6 8. 0-0 e5 9. Ne1 d5 10. f4 dxe4 11. fxe5 Nd5 12. Nc4 exd3 13. Qxd3 Be6 14. Qg3 Qe7 15. Nd3 Rad8 16. Kh1 Ndb4 17. Nxb4 Nxb4 18. Nd6 Nxc2 19. Rac1 Nd4 20. Rxc5 Nxe2 21. Qf3 b6 22. Rc2 f6 23. Qxe2 fxe5 24. Rxf8+ Rxf8 25. Nc4 Bxc4 26. Rxc4 e4 27. Bxg7 Kxg7 28. h3 e3 29. Rc3 Re8 30. Rd3 Qe5 31. Kg1 Re7 32. Kh1 a5 33. Kg1 Kh6 34. Kh1 Qf4 35. Kg1 Re6 36. Rd1 Rc6 37. Re1 Rc3 38. Rf1 Qe4 39. Re1 Qe5 40. Qf3 b5 41. Qf8+ Kg5 42. Qf3 b4 43. Qg4+ Kh6 44. Qf3 Qd4 45. Qf8+ Kg5 46. Qe7+ Kh6 47. Qf8+ Qg7 48. Qf4+ g5 49. Qe4 Qg6 50. Rxe3 Qxe4 51. Rxe4 Rc2 52. a3 bxa3 53. Ra4 a2 54. Kh2 Kh5 55. Rxa5 Kh4 56. b4 h5 57. b5 g4 58. Ra4 Rb2 59. b6 Rb4 60. g3+ Kg5 61. Rxa2 Rxb6 1/2-1/2

[Event "BCF-chT3 0809 (4NCL)"]
[Site "Hinckley Island"]
[Date "2009.05.02"]
[Round "9.1"]
[White "Hosken, Nigel"]
[Black "Page, Mark"]
[Result "1-0"]
[WhiteElo "2057"]
[BlackElo "2140"]
[PlyCount "101"]
[EventDate "2008.10.18"]
[EventType "team-swiss"]
[EventRounds "11"]
[EventCountry "ENG"]
[SourceTitle "EXT 2010"]
[Source "ChessBase"]
[SourceDate "2010.11.25"]
[SourceVersion "1"]
[SourceVersionDate "2010.11.25"]
[SourceQuality "1"]
[WhiteTeam "Gloucestershire Gambits"]
[BlackTeam "Warwicks Select II"]
[WhiteTeamCountry "ENG"]
[BlackTeamCountry "ENG"]

1. d4 Nf6 2. c4 g6 3. Nc3 Bg7 4. e4 d6 5. Be2 0-0 6. Bg5 c5 7. d5 a6 8. a4 h6 9. Bf4 Qa5 10. Bd2 e6 11. Nf3 exd5 12. exd5 Bg4 13. 0-0 Qc7 14. Re1 Nbd7 15. Qc2 Rfe8 16. h3 Bxf3 17. Bxf3 Ne5 18. Be2 g5 19. f4 gxf4 20. Bxf4 Ng6 21. Bg3 Re3 22. Bf2 Re7 23. Bd3 Ne5 24. b3 Rae8 25. Bh4 Nxd3 26. Qxd3 Rxe1+ 27. Rxe1 Rxe1+ 28. Bxe1 Qe7 29. Qe2 Qxe2 30. Nxe2 Ne4 31. g4 Kh7 32. Kg2 Be5 33. h4 Nf6 34. Kf3 Ne8 35. Nf4 Kg7 36. Nd3 f6 37. Ke4 Kg6 38. Nf4+ Bxf4 39. Kxf4 Kf7 40. h5 Ng7 41. Bd2 f5 42. Bc3 fxg4 43. Kxg4 Ne8 44. Kf5 b5 45. axb5 axb5 46. cxb5 Nc7 47. b6 Nxd5 48. b7 Ne7+ 49. Ke4 d5+ 50. Ke5 d4 51. Bd2 1-0